000 01343nam a2200349 a 4500
001 ebr10201236
003 CaPaEBR
006 m u
007 cr cn|||||||||
008 050428s2002 nju sb 000 0 eng d
010 _z 2005297493
020 _z9810249322 (alk. paper)
040 _aCaPaEBR
_cCaPaEBR
035 _a(OCoLC)277199779
050 1 4 _aT14
_b.N445 2002eb
082 0 4 _a601
_222
100 1 _aNegrotti, Massimo,
_d1944-
245 1 0 _aNaturoids
_h[electronic resource] :
_bon the nature of the artificial /
_cMassino Negrotti.
246 3 0 _aOn the nature of the artificial
246 3 0 _aNature of the artificial
260 _a[River Edge], NJ :
_bWorld Scientific,
_cc2002.
300 _av, 150 p.
504 _aIncludes bibliographical references (p. 143-150).
533 _aElectronic reproduction.
_bPalo Alto, Calif. :
_cebrary,
_d2013.
_nAvailable via World Wide Web.
_nAccess may be limited to ebrary affiliated libraries.
650 0 _aTechnology
_xPhilosophy.
650 0 _aRepresentation (Philosophy)
650 0 _aSimulation methods
_xPhilosophy.
650 0 _aTechnology
_xSocial aspects.
655 7 _aElectronic books.
_2local
710 2 _aebrary, Inc.
856 4 0 _uhttp://site.ebrary.com/lib/rucke/Doc?id=10201236
_zAn electronic book accessible through the World Wide Web; click to view
999 _c119540
_d119540